00514nam a22001697a 4500003000400000020001800004082001400022100002100036245005900057260008300116300000800199650002400207653004300231700002700274700002600301700001700327SGT a9789392787454 a658bA22S aShankar, K. Tara aApproches and quality practices in management sciences aNew Delhi, IndiabSelective & Scientific Books Publishers & Distributersc2022 a150 aManagement Sciences aQuality practice in management science aSharma, Satish Chander aMishra, Nishith Kumar aArora, Amita